Wave transmission / (Record no. 545578)

000 -LEADER
fixed length control field 00721cam a2200205 i 4500
020 ## - INTERNATIONAL STANDARD BOOK NUMBER
International Standard Book Number 0713132787 :
082 00 - DEWEY DECIMAL CLASSIFICATION NUMBER
Classification number 621.38131
Author Mark CON
-- D
100 1# - MAIN ENTRY--PERSONAL NAME
Personal name Connor, F. R.
9 (RLIN) 41478
245 10 - TITLE STATEMENT
Title Wave transmission /
Statement of responsibility, etc. [by] F. R. Connor.
260 ## - PUBLICATION, DISTRIBUTION, ETC.
Place of publication, distribution, etc. London :
Name of publisher, distributor, etc. Edward Arnold,
Date of publication, distribution, etc. 1972.
300 ## - PHYSICAL DESCRIPTION
Extent vii, 107 p. :
Other physical details ill. ;
Dimensions 22 cm.
490 0# - SERIES STATEMENT
Series statement His Introductory topics in electronics and telecommunication
500 ## - GENERAL NOTE
General note Distributed by Professional Books Division, Herman Publishing, inc., Boston.
526 ## - STUDY PROGRAM INFORMATION NOTE
Program name 0
Interest level 0
Reading level 0
Title point value 621_381310000000000_CON
526 ## - STUDY PROGRAM INFORMATION NOTE
Program name 0
Interest level 0
Reading level 0
Title point value 621_381310000000000_CON
526 ## - STUDY PROGRAM INFORMATION NOTE
Program name 0
Interest level 0
Reading level 0
Title point value 621_381310000000000_CON
650 #0 - SUBJECT ADDED ENTRY--TOPICAL TERM
Topical term or geographic name entry element MCE
9 (RLIN) 379
650 #0 - SUBJECT ADDED ENTRY--TOPICAL TERM
Topical term or geographic name entry element Telecommunication lines.
9 (RLIN) 41479
942 ## - ADDED ENTRY ELEMENTS (KOHA)
Source of classification or shelving scheme
Koha item type Book
Holdings
Withdrawn status Lost status Source of classification or shelving scheme Damaged status Not for loan Permanent Location Current Location Date acquired Total Checkouts Full call number Barcode Date last seen Price effective from Koha item type
          Military College of Engineering (MCE) Military College of Engineering (MCE) 05/27/2014   621.38131 CON MCE-41920 05/27/2014 05/27/2014 Book
          Military College of Engineering (MCE) Military College of Engineering (MCE) 05/27/2014   621.38131 CON MCE-41922 05/27/2014 05/27/2014 Book
          Military College of Engineering (MCE) Military College of Engineering (MCE) 05/27/2014   621.38131 CON MCE-41921 05/27/2014 05/27/2014 Book
© 2023 Central Library, National University of Sciences and Technology. All Rights Reserved.